Desempeno de tuberias plasticas de pared estructurada en condicionesreales de instalacion

保存先:
書誌詳細
第一著者: Monge Conejo, Cesar
フォーマット: 学位論文 図書
言語:Undetermined
出版事項: 2002
主題:
タグ: タグ追加
タグなし, このレコードへの初めてのタグを付けませんか!

MARC

LEADER 00000nam a2200000Ia 4500
001 8966
008 140114s9999 xx 000 0 und d
100 |a Monge Conejo, Cesar 
245 |a Desempeno de tuberias plasticas de pared estructurada en condicionesreales de instalacion 
260 |c 2002 
500 |a NULL 
502 |a Escuela de ingenieria Civil 
650 |z TUBERIAS DE ALCANTARILLADO 
999 |c 12583  |d 12583